[Event "6th Open"]
[Site "Bad Zwesten GER"]
[Date "2002.01.05"]
[Round "2"]
[White "Bauer,Ch"]
[Black "Uwira,O"]
[Result "1-0"]
[WhiteElo "2578"]
[BlackElo "2173"]

1.e4 c5 2.Nf3 Nc6 3.Nc3 e6 4.Bb5 Nge7 5.O-O a6 6.Bxc6 Nxc6 7.d4 cxd4 8.Nxd4 Be7
9.Nxc6 dxc6 10.Qh5 O-O 11.Bf4 f6 12.Rad1 Qb6 13.b3 e5 14.Be3 Qb4 15.Rd3 Be6
16.Rfd1 g6 17.Qe2 Rfd8 18.f3 Rxd3 19.Rxd3 Rd8 20.Rxd8+ Bxd8 21.Na4 Be7 22.Qf2 Qd6
23.h3 Qd1+ 24.Kh2 b5 25.Bc5 Bd8 26.Nb2 Qd7 27.Nd3 a5 28.Bb6 a4 29.Bxd8 Qxd8
30.Qc5 Qd7 31.Nb4 Qd2 32.Nd3 axb3 33.Qxc6 bxc2 34.Qxe6+ Kg7 35.Qd7+ Kh6 36.Qxb5 c1=Q
37.Nxc1 Qf4+ 38.g3 Qxc1 39.Qe2 f5 40.Kg2 f4 41.a4 Qa3 42.Qc2 Qb4 43.Qa2 Qa5
44.h4 Qe1 45.Qf2 Qa5 46.gxf4 exf4 47.Kh3 Qxa4 48.Qd2 Qa1 49.Qxf4+ Kg7 50.Qe3 Kf6
51.Kg3 Ke6 52.Qb6+ Ke7 53.Qc5+ Ke6 54.Kg4 h5+ 55.Kf4 Qf6+ 56.Kg3 Qa1 57.Qc6+ Kf7
58.Kf4 Qh1 59.Qd7+ Kf8 60.Kg5 Qxf3 61.Qd6+ Ke8 62.Qxg6+ Ke7 63.Qh7+ Kd6 64.Qf5 Qe2
65.Kf6 Qg4 66.e5+ Kc7 67.e6 Qxh4+ 68.Kf7 Kd6 69.Qd3+ Ke5 70.Qb5+ Kd6 71.Qb6+ Kd5
72.e7 Qf2+ 73.Qxf2  1-0

[Event "4th Hilton Open"]
[Site "Basel SUI"]
[Date "2002.01.05"]
[Round "6"]
[White "Milosevic,G"]
[Black "Kovacevic,A"]
[Result "0-1"]
[WhiteElo "2371"]
[BlackElo "2549"]

1.e4 c5 2.Nc3 Nc6 3.Nf3 e5 4.Bc4 Be7 5.d3 d6 6.Nd2 Nf6 7.Nf1 Nd7 8.a4 O-O
9.Ne3 Nb6 10.Bb3 Kh8 11.O-O Nd4 12.Ba2 Be6 13.Ncd5 Bg5 14.c3 Bxe3 15.Nxe3 Nc6
16.Qh5 Nd7 17.Bd2 Nf6 18.Qf3 Qd7 19.h3 Rad8 20.Nd5 Bxd5 21.exd5 Ne7 22.Bg5 Nfg8
23.Bc4 f6 24.Bd2 f5 25.Bg5 Nf6 26.Qe2 Ng6 27.f4 h6 28.fxe5 dxe5 29.Bxf6 Rxf6
30.a5 Qd6 31.Rae1 Re8 32.Qh5 Ref8 33.Rf2 f4 34.Ref1 Rf5 35.Qe2 Rg5 36.Qe4 Rf6
37.d4 cxd4 38.cxd4 exd4 39.Qxd4 Nh4 40.Be2 Rfg6 41.g4 fxg3 42.Rf8+ Kh7 43.Qxh4 g2
44.Rc1 Qxf8 45.Bd3 Qf3 46.Bxg6+ Rxg6 47.Re1 Qxd5 48.b4 Qd3 49.Re7 Qf1+  0-1

[Event "8th Open"]
[Site "Bosnjaci CRO"]
[Date "2002.01.06"]
[Round "6"]
[White "Jovanovic,Zo2"]
[Black "Malada,V"]
[Result "1/2-1/2"]
[WhiteElo "2360"]
[BlackElo "2246"]

1.e4 c5 2.Nc3 Nc6 3.Nf3 e6 4.Bb5 Nd4 5.O-O a6 6.Bd3 Nc6 7.Re1 d6 8.Bf1 Nf6
9.d4 cxd4 10.Nxd4 Be7 11.Bg5 O-O 12.Qd2 Qc7 13.Rad1 Rd8 14.Nxc6 bxc6 15.Na4 Bb7
16.c4 d5 17.cxd5 cxd5 18.Rc1 Qb8 19.Bxf6 Bxf6 20.Nc5 dxe4 21.Qb4 Bd5 22.Qxb8 Raxb8
23.b3 Bg5 24.Rcd1 a5 25.Nxe4 Be7  1/2-1/2

[Event "Keres Mem Rapid"]
[Site "Tallinn EST"]
[Date "2002.01.06"]
[Round "7"]
[White "Seeman,T"]
[Black "Rytshagov,M"]
[Result "1/2-1/2"]
[WhiteElo "2441"]
[BlackElo "2513"]

1.e4 c5 2.Nc3 Nc6 3.Nge2 Nf6 4.g3 e6 5.d4 d5 6.exd5 exd5 7.Be3 cxd4 8.Nxd4 Bb4
9.Bg2 O-O 10.O-O Bg4 11.Qd3 Qd7 12.Nxc6 bxc6 13.a3 Bf5 14.Qd2 Ba5 15.b4 Bb6
16.Na4 Bxe3 17.fxe3 Ne4 18.Qd4 Rfe8 19.Rf4 g5 20.Rff1 Bh3 21.Nc5 Nxc5 22.Qxc5 Bxg2
23.Kxg2 Re4 24.Qc3 Rae8 25.Qf6 R8e5 26.Rf3 g4 27.Rf4 Rxe3 28.Raf1 Re2+ 29.Kg1 Re1
30.Rxe1 Rxe1+ 31.Kf2 Re4 32.Qg5+ Kf8 33.Qh6+ Kg8 34.Qg5+ Kf8 35.Qh6+ Kg8
36.Qg5+ Kf8 37.Qh6+ Kg8  1/2-1/2

[Event "7th Hotel"]
[Site "Opatija CRO"]
[Date "2002.01.07"]
[Round "1"]
[White "Milu,R"]
[Black "Dumpor,A"]
[Result "1/2-1/2"]
[WhiteElo "2447"]
[BlackElo "2328"]

1.e4 c5 2.Nf3 Nc6 3.Nc3 e5 4.Bc4 d6 5.d3 Be7 6.Nd2 Nf6 7.Nf1 O-O 8.Ne3 Be6
9.O-O Qd7 10.a3 Nd4 11.Ncd5 b5 12.Ba2 Bd8 13.c3 Nc6 14.a4 a6 15.f4 exf4 16.Nxf4 Bxa2
17.Rxa2 Rb8 18.axb5 axb5  1/2-1/2

[Event "TCh-ISR"]
[Site "ISR"]
[Date "2002.01.12"]
[Round "1"]
[White "Haimovich,T"]
[Black "Blodstein,A"]
[Result "1/2-1/2"]
[WhiteElo "2327"]
[BlackElo "2316"]

1.e4 c5 2.Nf3 Nc6 3.Nc3 g6 4.Bb5 Bg7 5.O-O d6 6.Re1 Bd7 7.d3 Nf6 8.Bxc6 Bxc6
9.e5 dxe5 10.Nxe5 Rc8  1/2-1/2

[Event "TCh-ISR"]
[Site "ISR"]
[Date "2002.01.12"]
[Round "1"]
[White "Livshits,G"]
[Black "Kundin,A"]
[Result "1-0"]
[WhiteElo "2351"]
[BlackElo "2401"]

1.e4 c5 2.Nc3 Nc6 3.Nge2 Nf6 4.d4 cxd4 5.Nxd4 e5 6.Ndb5 d6 7.Bg5 a6 8.Na3 Be6
9.Nc4 Rc8 10.Ne3 Be7 11.Bxf6 Bxf6 12.Ncd5 Bg5 13.c3 O-O 14.h4 Bxe3 15.Nxe3 Ne7
16.Qd2 d5 17.exd5 Nxd5 18.Rd1 Nxe3 19.Qxe3 Qc7 20.a3 f5 21.Be2 Rce8 22.O-O e4
23.Rd4 Bd7 24.Qg5 Bc6 25.Bc4+ Kh8 26.Re1 f4 27.Qg4 Qe5 28.Bd3 e3 29.Re2 Bxg2
30.f3 Bxf3 31.Qxf3 Rd8 32.Qe4 Qxe4 33.Bxe4 Rde8 34.Bf3 Re7 35.Kf1 g6 36.Rg2 Kg7
37.Ke2 Rff7 38.Rg4 Rd7 39.Rgxf4  1-0

[Event "Women"]
[Site "Tallinn EST"]
[Date "2002.01.12"]
[Round "6"]
[White "Stjazhkina,O"]
[Black "Reizniece,D"]
[Result "1/2-1/2"]
[WhiteElo "2283"]
[BlackElo "2282"]

1.e4 c5 2.Nc3 Nc6 3.Bb5 Nd4 4.Bc4 g6 5.Nf3 Bg7 6.Nxd4 cxd4 7.Qf3 Nf6 8.Nb5 d5
9.exd5 O-O 10.O-O Ng4 11.d3 a6 12.Na3 b5 13.Bb3 Ne5  1/2-1/2

[Event "TCh-CZE 2001-2"]
[Site "CZE"]
[Date "2002.01.13"]
[Round "7"]
[White "Vavra,P1"]
[Black "Markos,J"]
[Result "0-1"]
[WhiteElo "2451"]
[BlackElo "2454"]

1.e4 c5 2.Nf3 Nc6 3.Nc3 Nf6 4.e5 Ng4 5.Qe2 g6 6.h3 Nh6 7.Ne4 Bg7 8.Nf6+ exf6
9.exf6+ Kf8 10.fxg7+ Kxg7 11.d4 Nf5 12.dxc5 Re8 13.Be3 Qa5+ 14.Qd2 Nxe3 15.fxe3 Rxe3+
16.Be2 Qxc5 17.O-O-O d6 18.Rhe1 Bf5 19.Bf1 Rae8 20.Rxe3 Rxe3 21.c3 Be4 22.Ne1 Nb4
23.Bc4 Rxe1 24.Rxe1 Qxc4 25.b3 Nd3+ 26.Kd1 Qc5 27.Re3  0-1

[Event "54th ch-YUG Youth"]
[Site "Obrenovac YUG"]
[Date "2002.01.13"]
[Round "5"]
[White "Nadjhedjesi,B"]
[Black "Dimitrijevic,A"]
[Result "0-1"]
[WhiteElo "2272"]
[BlackElo "2227"]

1.e4 c5 2.Nc3 Nc6 3.Bb5 e6 4.Bxc6 bxc6 5.f4 d5 6.Nf3 c4 7.O-O Bc5+ 8.Kh1 Nf6
9.e5 Ng4 10.Qe2 a5 11.d4 cxd3 12.cxd3 Ba6 13.Na4 Ba7 14.Ng5 h6 15.Qxg4 hxg5
16.Qg3 g4 17.Bd2 Bxd3 18.Qxg4 Bxf1 19.Rxf1 g6 20.h3 c5 21.f5 gxf5 22.Qg7 Kd7  0-1

[Event "ch-USA Blitz Playoff"]
[Site "Seattle USA"]
[Date "2002.01.13"]
[Round "2"]
[White "De Firmian,N"]
[Black "Christiansen,L"]
[Result "1/2-1/2"]
[WhiteElo "2536"]
[BlackElo "2571"]

1.e4 c5 2.Nf3 Nc6 3.Nc3 e5 4.Bc4 d6 5.d3 Be7 6.Nd2 Bg5 7.Nf1 Bxc1 8.Rxc1 Nf6
9.Ne3 O-O 10.Ncd5 Nxd5 11.Nxd5 Be6 12.a3 b5 13.Ba2 Ne7 14.Nxe7+ Qxe7 15.Bxe6 Qxe6
16.O-O f5 17.c3 Kh8 18.exf5 Rxf5 19.d4 exd4 20.cxd4 c4 21.Qe1 Qd5 22.Qe3 Raf8
23.f3 Rf4 24.Rcd1 a5 25.Rfe1 h6 26.Qe6 Qg5 27.Qxd6 Rxf3 28.Qe5 R3f5 29.Qe2 Rd8
30.a4 Qf6 31.axb5 Rxb5 32.Rf1 Qb6 33.Rf2 Qc6 34.h3 a4 35.Qe7 Rbb8 36.Qe5 Re8
37.d5 Rxe5 38.dxc6 Rc5 39.Rd6 Rc8 40.Rf7 R5xc6 41.Rdd7 Rg6 42.Rc7 Rb8 43.Rb7 Rxb7
44.Rxb7 Rc6 45.Rb4 a3 46.bxa3 c3 47.Rb1 Kg8 48.Kf2 Kf7 49.Ke3 c2 50.Rc1 Rc3+  1/2-1/2

[Event "XXVII Open"]
[Site "Seville ESP"]
[Date "2002.01.14"]
[Round "4"]
[White "Rodriguez Guerrero,E"]
[Black "Martinez Fernandez,A"]
[Result "1-0"]
[WhiteElo "2309"]
[BlackElo "2046"]

1.e4 c5 2.Nf3 Nc6 3.Nc3 g6 4.d4 cxd4 5.Nxd4 Bg7 6.Be3 Nf6 7.Bc4 Qa5 8.O-O O-O
9.Nb3 Qd8 10.Re1 d6 11.Bg5 Ne5 12.Bf1 Be6 13.Nd5 Bxd5 14.exd5 Qc7 15.Rb1 Rac8
16.c3 Rfe8 17.g3 Qd7 18.Bg2 Nc4 19.Qd3 Rc7 20.Nd4 Rec8 21.Bc1 Rc5 22.Nb3 R5c7
23.f4 Kf8 24.Nd4 Kg8 25.b3 Nb6 26.c4 a6 27.Bd2 Na8 28.Rbc1 Re8 29.h3 Rcc8
30.Kh1 Nc7 31.Re2 b5 32.f5 bxc4 33.bxc4 Qa4 34.Nc6 Kf8 35.Bg5 a5 36.Rce1 h6
37.Bc1 Ng8 38.fxg6 fxg6 39.Rf2+ Nf6 40.Bf3 Kg8 41.Bd1  1-0

[Event "XXVII Open"]
[Site "Seville ESP"]
[Date "2002.01.14"]
[Round "4"]
[White "Tissir,M"]
[Black "Cifuentes Parada,R"]
[Result "1/2-1/2"]
[WhiteElo "2368"]
[BlackElo "2521"]

1.e4 c5 2.Nc3 Nc6 3.Bb5 Nd4 4.Bc4 g6 5.Nf3 Bg7 6.O-O d6 7.Nxd4 cxd4 8.Qf3 Nf6
9.Ne2 Qb6 10.h3 O-O 11.c3 dxc3 12.Nxc3 Be6 13.Bxe6 fxe6 14.d3 Kh8 15.Qe2 Nh5
16.Be3 Bd4 17.Bxd4+ Qxd4 18.Qe3 Qb4 19.Rab1 a6 20.a3 Qa5 21.d4 Rac8 22.Rbd1 Nf4
23.Kh2 Qh5 24.Rd2 g5 25.Ne2 Nxe2 26.Qxe2 Qxe2 27.Rxe2 Rc4 28.Rd1 Kg7 29.f3 h5
30.Kg3 h4+ 31.Kf2 Rfc8 32.Ke3 Kf6 33.Rf2 Rc2 34.Rdd2 Rxd2 35.Rxd2 Rc1 36.Rf2 d5
37.Kd2 Rg1 38.Ke3 Rc1 39.Kd2 Rc4 40.Kd3 e5 41.dxe5+ Kxe5 42.exd5 Rd4+ 43.Ke3 Rxd5
44.Rc2 e6 45.Rc7 Rb5 46.b4 a5 47.Rc4  1/2-1/2

[Event "18th Open"]
[Site "Skopje MKD"]
[Date "2002.01.16"]
[Round "2"]
[White "Mitkov,N"]
[Black "Dinev,D"]
[Result "1-0"]
[WhiteElo "2492"]
[BlackElo "2270"]

1.e4 c5 2.Nc3 Nc6 3.Nf3 e5 4.Bc4 d6 5.d3 Be7 6.Nd2 Nf6 7.Nf1 O-O 8.Ne3 Nd4
9.a4 Rb8 10.Ncd5 Nxd5 11.Nxd5 Kh8 12.c3 Nc6 13.O-O Be6 14.f4 exf4 15.Bxf4 Bg5
16.Ba2 Bxf4 17.Rxf4 Ne7 18.Rf2 Bxd5 19.exd5 Ng6 20.d4 cxd4 21.Qxd4 Qb6 22.Qxb6 axb6
23.Bc4 f6 24.Ra3 Ne5 25.Be2 g6 26.Rb3 Nd7 27.Rb4 Kg7 28.Bb5 Ne5 29.Bf1 Nd7
30.Re2 f5 31.Re6 Rf6 32.Re1 Ra8 33.Rc4 Ne5 34.Rb4 Nd7 35.h3 Ra5 36.Re8 Rf8
37.Re6 Rf6 38.Bb5 Ne5 39.Be8 Ra6 40.Bb5 Ra8 41.Bf1 Nd7 42.Rc4 Nc5 43.Re7+ Rf7
44.Rxf7+ Kxf7 45.b4 Nxa4 46.Rc7+ Kf6 47.c4 h5 48.Rxb7 g5 49.g3 h4 50.gxh4 gxh4
51.Kf2 Re8 52.Rh7 Kg5 53.Bd3 Nc3 54.Kf3 b5 55.Rg7+ Kf6 56.Rd7 bxc4 57.Bxc4 Ne4
58.Kf4 Rb8 59.b5 Rb6 60.Rh7 Kg6 61.Rxh4 Nc3 62.Rh8 Nxb5 63.Rg8+ Kf7 64.Rg2 Na3
65.Bd3 Rb4+ 66.Kxf5 Rd4 67.Be4 Nc4 68.Rg3 Nd2 69.Bg2 Nc4 70.Rb3 Rd2 71.Rb7+ Ke8
72.Be4 Kd8 73.h4 Rf2+ 74.Kg5 Re2 75.Bf5 Rg2+ 76.Kf6 Rh2 77.Rd7+ Ke8 78.Rb7 Rb2
79.Rxb2 Nxb2 80.Kg7 Nc4 81.h5  1-0

[Event "18th Open"]
[Site "Skopje MKD"]
[Date "2002.01.17"]
[Round "3"]
[White "Popov,Ve"]
[Black "Ivanisevic,I"]
[Result "0-1"]
[WhiteElo "2297"]
[BlackElo "2540"]

1.e4 c5 2.Ne2 Nc6 3.Nbc3 g6 4.d4 cxd4 5.Nxd4 Bg7 6.Be3 Nf6 7.Bc4 O-O 8.O-O d6
9.h3 Na5 10.Bb3 a6 11.f4 Nxb3 12.axb3 b5 13.Qd3 Bb7 14.b4 Rc8 15.Nb3 Nh5
16.Na5 Ba8 17.Bd4 Nxf4 18.Rxf4 Bxd4+ 19.Qxd4 e5 20.Qd2 exf4 21.Nd5 Re8 22.Qxf4 Bxd5
23.exd5 Rxc2 24.Nc6 Qb6+ 25.Kh1 Qf2 26.Qxf2 Rxf2 27.Rxa6 Rxb2 28.Rb6 Ree2
29.Nd4 Rxg2 30.Rxd6 Rh2+ 31.Kg1 Rhd2  0-1

[Event "XXVII Open"]
[Site "Seville ESP"]
[Date "2002.01.18"]
[Round "8"]
[White "Tissir,M"]
[Black "Olivera Gutierrez,A"]
[Result "1-0"]
[WhiteElo "2368"]
[BlackElo "2048"]

1.e4 c5 2.Nc3 Nc6 3.Bb5 Nd4 4.Bc4 g6 5.Nf3 Bg7 6.O-O e6 7.Nxd4 cxd4 8.Nb5 d6
9.c3 dxc3 10.dxc3 Ke7 11.Bf4 e5 12.Qd5 Be6 13.Qxb7+ Qd7 14.Qxd7+ Bxd7 15.Be3 Rc8
16.Bd3 a5 17.Rfd1 Nf6 18.a4 d5 19.f3 dxe4 20.fxe4 Ng4 21.Bb6 Bh6 22.Bxa5 Be3+
23.Kf1 Nf2 24.Re1 Nxd3 25.Rxe3 Nxb2 26.Bb4+ Ke6 27.Nd6 Rb8 28.Ra2 Nxa4 29.Rd2 Bc6
30.Ke1 Rhd8 31.Nc4 Rxd2 32.Kxd2 Rd8+ 33.Kc2 f6 34.g3 h5 35.Na5 Be8 36.Re1 Nb6
37.c4 Ba4+ 38.Kc3 Rd1 39.Re2 f5 40.c5 Nc8 41.exf5+ gxf5 42.Ra2 Bb5 43.Kc2 Rd5
44.Nb7 Ne7 45.Ra8 e4 46.Rh8 e3 47.Rxh5 Ba4+ 48.Kb2 Nc6 49.Rh6+ Kd7 50.Bc3 e2
51.Rd6+ Rxd6 52.Nxd6 Nd4 53.h4 Bc6 54.h5 Bd5 55.h6 Bg8 56.Bd2 Nf3 57.Kc3 e1=Q
58.Bxe1 Nxe1 59.Nxf5 Bh7 60.Nd4 Nd3 61.c6+ Kd6 62.Kc4 Ne5+ 63.Kb5 Nxc6 64.Nxc6 Ke6
65.Kc5 Kf6 66.Kd6 Kg5 67.Ke5 Kxh6 68.Kf6  1-0

[Event "90th LSK Metalka Trgovina"]
[Site "Ljubljana SLO"]
[Date "2002.01.20"]
[Round "2"]
[White "Podlesnik,B"]
[Black "Sveshnikov,E"]
[Result "0-1"]
[WhiteElo "2397"]
[BlackElo "2565"]

1.e4 c5 2.Nf3 Nc6 3.Nc3 e5 4.Bc4 Be7 5.d3 Nf6 6.Ng5 O-O 7.f4 d6 8.O-O h6
9.Nf3 exf4 10.Bxf4 Be6 11.Nd5 Bxd5 12.Bxd5 Nxd5 13.exd5 Ne5 14.Nxe5 dxe5
15.Bxe5 Qxd5 16.Bc3 Rae8 17.Qg4 g6 18.Rae1 Bg5 19.h4 Be3+ 20.Rxe3 Rxe3 21.Qf4 Re2
22.Rf3 Rxc2 23.Qxh6 Rxc3 24.bxc3 Re8 25.h5 Qxh5 26.Qxh5 gxh5 27.Rf5 Re1+
28.Kf2 Ra1 29.Rxc5 Rxa2+ 30.Kf3 h4 31.Rc7 b6 32.d4 Kg7 33.Kg4 Rxg2+ 34.Kxh4 a5
35.c4 Rd2 36.d5 Kf6 37.Rc6+ Ke5 38.Rxb6 Rd4+ 39.Kg3 Rxc4 40.d6 Ke6 41.Ra6 Ra4
42.Ra7 f5 43.d7 Ke7 44.Kf3 Kd8 45.Kf2 Ra1 46.Kg2 Ra3 47.Kh2 a4 48.Kg2 Ra2+
49.Kf3 a3 50.Ra5 Ra1 51.Kg2 a2 52.Ra7 f4 53.Kh2 f3  0-1

[Event "Kaissa Open"]
[Site "Kharkov UKR"]
[Date "2002.01.22"]
[Round "1"]
[White "Gasanov,E"]
[Black "Rybakov,S UKR"]
[Result "1-0"]
[WhiteElo "2454"]
[BlackElo "2144"]

1.e4 c5 2.Nc3 Nc6 3.Nf3 e5 4.Bc4 g6 5.d3 Bg7 6.Ng5 Nh6 7.f4 d6 8.O-O O-O
9.f5 gxf5 10.exf5 Bxf5 11.Rxf5 Nxf5 12.Qh5 Nh6 13.Nge4 Kh8 14.Bxh6 Bxh6 15.Qxh6 f5
16.Nxd6 Qf6 17.Qxf6+ Rxf6 18.Nxb7 Nd4 19.Bb3 Rc8 20.Na5 Rcf8 21.Re1 e4 22.dxe4 fxe4
23.h3 Rg6 24.Rxe4 Nf3+ 25.Kh1 Ng5 26.Rg4 h5 27.Rg3 Rf1+ 28.Kh2 Kg7 29.Nc4 Kh6
30.Ne5 Rgf6 31.Rxg5 Kxg5 32.Ne4+ Kf5 33.Nxf6 Kxf6 34.Nd7+ Kg5 35.Nxc5  1-0

[Event "18th Open"]
[Site "Skopje MKD"]
[Date "2002.01.22"]
[Round "8"]
[White "Galego,L"]
[Black "Efimov,I"]
[Result "1-0"]
[WhiteElo "2521"]
[BlackElo "2444"]

1.e4 c5 2.Nf3 Nc6 3.Nc3 d6 4.g3 g6 5.Bg2 Bg7 6.d3 Rb8 7.Be3 b5 8.d4 b4 9.Ne2 Nf6
10.dxc5 O-O 11.cxd6 exd6 12.O-O Bb7 13.Nfd4 a5 14.Nxc6 Bxc6 15.Nd4 Ba8 16.f3 Re8
17.Qd2 d5 18.e5 Nd7 19.f4 Qc7 20.a3 Nc5 21.axb4 axb4 22.Rxa8 Rxa8 23.Nb5 Qc6
24.Nd6 Ne4 25.Bxe4 dxe4 26.Nxe8 Rxe8 27.Rf2 Bf8 28.Qd4 Be7 29.Kg2 Rd8 30.Qb6 Qc8
31.Qb5 Rd1 32.Qe2 Rb1 33.b3 Qa8 34.Qc4 Rd1 35.f5 gxf5 36.Rxf5 Qd5 37.Qe2 Kf8
38.Rh5 Ra1 39.Rxh7 Qd1 40.Qxd1 Rxd1 41.Rh8+ Kg7 42.Rc8 Rd5 43.Rc4 Kg6 44.Rxe4 Ra5
45.g4 Ra1 46.h4 Re1 47.h5+ Kh7 48.Kf3 Rf1+ 49.Ke2 Rh1 50.Rc4 Kg7 51.Rc7  1-0

[Event "Corus B"]
[Site "Wijk aan Zee NED"]
[Date "2002.01.22"]
[Round "7"]
[White "Yu Shaoteng"]
[Black "Tregubov,P"]
[Result "1-0"]
[WhiteElo "2522"]
[BlackElo "2626"]

1.e4 c5 2.Nc3 Nc6 3.Nf3 g6 4.d4 cxd4 5.Nxd4 Bg7 6.Be3 Nf6 7.Bc4 O-O 8.Bb3 d6
9.h3 Bd7 10.O-O Rc8 11.f4 a6 12.Qf3 b5 13.a3 Qc7 14.Rad1 Na5 15.f5 Nc4 16.Bxc4 Qxc4
17.g4 h6 18.h4 gxf5 19.exf5 Bc6 20.Nxc6 Qxc6 21.Qh3 Kh8 22.g5 Ng8 23.Nd5 Be5
24.c3 Rce8 25.Qg4 e6 26.f6 Qc4 27.Bd4 Bh2+ 28.Kh1  1-0

[Event "18th Open"]
[Site "Skopje MKD"]
[Date "2002.01.23"]
[Round "9"]
[White "Gicev,B"]
[Black "Stamenkov,V"]
[Result "0-1"]
[WhiteElo "2336"]
[BlackElo "2417"]

1.e4 c5 2.Nf3 Nc6 3.Nc3 e5 4.Bc4 Be7 5.d3 Nf6 6.Nd2 O-O 7.a3 d6 8.Nf1 Be6
9.Ne3 Nd7 10.h4 Nd4 11.Ncd5 Nb6 12.Nxb6 axb6 13.c3 Nc6 14.Qf3 b5 15.Bxb5 Nd4
16.cxd4 Qa5+ 17.Bd2 Qxb5 18.d5 Qxb2 19.Ke2 Bc8 20.Nc4 Qb5 21.Rhb1 Qe8 22.Nb6 Ra6
23.g4 Qd8 24.Nxc8 Qxc8 25.h5 g6 26.Bh6 Re8 27.hxg6 fxg6 28.Rh1 Qd7 29.Qh3 Bf8
30.Bg5 Qf7 31.Bf6 b5 32.g5 h5 33.Qf3 Bg7 34.Rhb1 Ra5 35.Rb2 Rf8 36.Rab1 Qd7
37.Rb3 Kh7 38.Rh1 Qf7 39.Rhb1 Bxf6 40.gxf6 Qxf6 41.Qxf6 Rxf6 42.Rxb5 Rxa3
43.Rb7+ Kh6 44.R1b2 h4 45.Rb8 Kg5 46.Rh8 Kg4 47.Rh6 Ra7 48.Rb1 Ra2+  0-1

[Event "90th LSK Metalka Trgovina"]
[Site "Ljubljana SLO"]
[Date "2002.01.25"]
[Round "6"]
[White "Nisipeanu,LD"]
[Black "Jelen,Ig"]
[Result "1/2-1/2"]
[WhiteElo "2608"]
[BlackElo "2374"]

1.e4 c5 2.Nc3 Nc6 3.Bb5 Nd4 4.Ba4 g6 5.Nf3 Bg7 6.O-O e6 7.Nxd4 cxd4 8.Nb5 a6
9.Nd6+ Ke7 10.Nxc8+ Rxc8 11.d3 h5 12.Qe1 Qc7 13.Bd2 Nh6 14.Ba5 Qb8 15.Qb4+ Qd6
16.Qxb7 Rb8 17.Qc7 Qxc7 18.Bxc7 Rxb2 19.Bb3 Rc8 20.Bf4 Ng4 21.Bc1 Rbxc2 22.Bxc2 Rxc2
23.Ba3+ Kf6 24.Rac1 Rxa2 25.Bc5 g5 26.Bxd4+ Kg6 27.Bxg7 Kxg7 28.d4 Nf6 29.f3 d5
30.e5 Ng8 31.Ra1 Rd2 32.Rfd1 Rb2 33.Rxa6 Nh6 34.Ra3 Nf5 35.Rad3 h4 36.R1d2 Rb4
37.Kf2 Ra4 38.g3 hxg3+ 39.hxg3 Rc4 40.Rd1 Kg6 41.g4 Ne7 42.Rh1 Nc6 43.Rhd1 Kg7
44.Kg3 Kg6 45.R3d2 Kg7 46.f4 gxf4+ 47.Kxf4 f6 48.exf6+ Kxf6 49.Ke3 e5 50.Rf1+ Ke6
51.Rh2 Nxd4 52.Rh6+ Ke7 53.Rh7+ Ke6 54.Rh6+ Ke7 55.Rh7+ Ke6 56.Rfh1 Kf6 57.R7h6+  1/2-1/2

[Event "39th BPCL ch-IND"]
[Site "Nagpur IND"]
[Date "2002.01.25"]
[Round "10"]
[White "Sareen,V"]
[Black "Prasad,D"]
[Result "1-0"]
[WhiteElo "2346"]
[BlackElo "2465"]

1.e4 c5 2.Nc3 Nc6 3.Bb5 Nd4 4.Bc4 g6 5.Nf3 Bg7 6.Nxd4 cxd4 7.Qf3 e6 8.Nb5 d6
9.Qa3 Ke7 10.Qd3 e5 11.c3 a6 12.Na3 Qb6 13.Nc2 Nf6 14.O-O d5 15.exd5 Bf5
16.Qe2 Bxc2 17.d3 Ba4 18.b3 Bd7 19.cxd4 Rhe8 20.Ba3+ Kd8 21.dxe5 Ng4 22.d4 Qxd4
23.e6 b5 24.Rac1 Ne5 25.exd7 Nxd7 26.Qf3 bxc4 27.d6 Rc8 28.Bb4 Ne5 29.Qb7 Rc5
30.Qb6+ Kd7 31.Bxc5 Qg4 32.Qb7+ Ke6 33.Rfe1 Kf6 34.d7 Nf3+ 35.Qxf3+  1-0

[Event "TCh-ISR"]
[Site "ISR"]
[Date "2002.01.26"]
[Round "3"]
[White "Livshits,G"]
[Black "Barenboim,G"]
[Result "1/2-1/2"]
[WhiteElo "2351"]
[BlackElo "2206"]

1.e4 c5 2.Nc3 Nc6 3.Nge2 e6 4.d4 d5 5.exd5 exd5 6.Be3 c4 7.g3 Bg4 8.Bg2 Bb4
9.h3 Bxe2 10.Qxe2 Nge7 11.O-O O-O 12.Qh5 Bxc3 13.bxc3 Qa5  1/2-1/2

[Event "Kaissa Open"]
[Site "Kharkov UKR"]
[Date "2002.01.27"]
[Round "6"]
[White "Ivanov,AndA"]
[Black "Ivanov,O UKR"]
[Result "1/2-1/2"]
[WhiteElo "2327"]
[BlackElo "2350"]

1.e4 c5 2.Nf3 Nc6 3.Nc3 d6 4.g3 g6 5.Bg2 Bg7 6.d3 e5 7.Nd2 Nge7 8.Nc4 a6
9.a4 b6 10.O-O Rb8 11.f4 b5 12.axb5 axb5 13.Ne3 b4 14.Ncd5 Nxd5 15.Nxd5 Ne7
16.Ne3 O-O 17.f5 f6 18.h4 Kh8 19.fxg6 hxg6 20.h5 Bh6 21.hxg6 Bxe3+ 22.Bxe3 Kg7
23.Ra7 Rb7 24.Rxb7 Bxb7 25.Bh3 Qe8 26.Be6 Qxg6 27.Qg4 Qxg4 28.Bxg4 Ra8 29.Be6 Bc8
30.Bc4 Bd7 31.Kf2 Be8 32.Ke2 Bf7 33.Bxf7 Kxf7  1/2-1/2

[Event "Kaissa Open"]
[Site "Kharkov UKR"]
[Date "2002.01.29"]
[Round "8"]
[White "Gasanov,E"]
[Black "Askarian,K"]
[Result "1/2-1/2"]
[WhiteElo "2454"]
[BlackElo "2253"]

1.e4 c5 2.Nc3 Nc6 3.Bb5 g6 4.Bxc6 bxc6 5.d3 Bg7 6.Nf3 d6 7.e5 dxe5 8.O-O c4
9.Re1 Bg4 10.h3 Bxf3 11.Qxf3 Rc8 12.dxc4 Qc7 13.Bg5 Nf6 14.Qe3 h6 15.Bh4 Nh5
16.Bg3 Nxg3 17.Qxg3 O-O 18.Rad1 Rfd8 19.Ne4 Qb6 20.Qa3 Bf8 21.b3 Qc7 22.Qc5 Rxd1
23.Rxd1 f5 24.Nc3 Bg7 25.Qe3 e4 26.Qd2 Kh7 27.Ne2 Qe5 28.g3 g5 29.Qe3 Rc7
30.c3 Bf6 31.Rd8 e6 32.Ra8 c5 33.b4 cxb4 34.cxb4 Qa1+ 35.Kg2 Qxa2 36.c5 Qc4
37.c6 Qxc6 38.Rxa7 Rxa7 39.Qxa7+ Kg6 40.h4 h5 41.hxg5 Bxg5  1/2-1/2

[Event "Open"]
[Site "Antalya TUR"]
[Date "2002.02.01"]
[Round "8"]
[White "Djuric,S"]
[Black "Nadyrhanov,S"]
[Result "1/2-1/2"]
[WhiteElo "2487"]
[BlackElo "2487"]

1.e4 c5 2.Nf3 Nc6 3.Nc3 g6 4.d4 cxd4 5.Nxd4 Bg7 6.Nde2 Nf6 7.g3 d6 8.Bg2 O-O
9.O-O Rb8 10.a4 a6 11.Nd5 e6 12.Nxf6+ Bxf6 13.c3 b5 14.axb5 axb5 15.Bh6 Re8
16.Nd4 Nxd4 17.cxd4 b4 18.b3 Bb7 19.Qd2 Qb6 20.Be3 d5 21.e5 Be7 22.h4 Ra8
23.Rxa8 Rxa8 24.Bf3 Ra3 25.Rb1 Qa5 26.Qd1 Ba6 27.Kg2 Qb5 28.Rc1 Qd3 29.Rc8+ Kg7
30.Re8 Qxd1 31.Bxd1 Bf8 32.Bg5 Bb7 33.Bf6+ Kg8 34.Rb8 Bc6 35.Rc8 Bd7 36.Rc7 Bb5
37.Rb7 Bc6 38.Rb6 Bd7 39.Rb8 Bc6 40.Be2 Ra8 41.Rb6 Bd7 42.g4 Rc8 43.Ba6 Ra8
44.Kg3 Be8 45.f3 Bd7 46.h5 Be8 47.Kh4 Bd7 48.f4 Be8 49.Kg5 Bd7 50.h6 Be8
51.f5 gxf5 52.gxf5 exf5 53.Bd3 Bd7 54.Rb7 Be6 55.Be7 Bxe7+ 56.Rxe7 Rb8 57.Bxf5 Kf8
58.Kf6 Bxf5 59.Rxf7+ Kg8 60.Rg7+ Kh8 61.Kxf5 Rf8+ 62.Ke6 Rf6+ 63.Kxd5 Rd6+
64.Kc5 Rd5+ 65.Kc6 Rd6+ 66.Kc7 Rc6+ 67.Kb8 Rc8+ 68.Kb7 Rb8+ 69.Kc6 Rb6+ 70.Kc5 Rc6+
71.Kxb4 Rb6+ 72.Kc4 Rc6+ 73.Kd3 Rc3+ 74.Ke2 Re3+ 75.Kd1 Rd3+ 76.Ke1 Re3+
77.Kf2 Rf3+ 78.Kg2 Rf2+ 79.Kh3 Rh2+ 80.Kg4 Rh4+ 81.Kf5 Rf4+ 82.Ke6 Rf6+ 83.Kd7 Rd6+
84.Kc8 Rd8+ 85.Kc7 Rc8+ 86.Kb6 Rc6+ 87.Kb7 Rb6+ 88.Kc8 Rb8+ 89.Kd7 Rd8+ 90.Ke7 Re8+
91.Kd7 Rd8+ 92.Kc7 Rc8+ 93.Kb6 Rc6+ 94.Kb7 Rb6+ 95.Kc8 Rb8+ 96.Kd7  1/2-1/2

[Event "Open"]
[Site "Bermuda BER"]
[Date "2002.02.03"]
[Round "4"]
[White "Vuckovic,Bo"]
[Black "Handke,F"]
[Result "1/2-1/2"]
[WhiteElo "2455"]
[BlackElo "2450"]

1.e4 c5 2.Nc3 Nc6 3.Bb5 Nd4 4.Bc4 e6 5.Nf3 Ne7 6.O-O Nec6 7.Nxd4 cxd4 8.Ne2 Be7
9.d3 O-O 10.a3 Bf6 11.Ng3 d5 12.exd5 exd5 13.Ba2 Re8 14.Qf3 Be6 15.Nh5 Be5
16.Bf4 Qh4 17.Bg3 Bxg3 18.hxg3 Qg5 19.Nf4 Ne5 20.Qh5 Qxh5 21.Nxh5 Ng6 22.Rfe1 Kf8
23.f3 Re7 24.Bb3 a5 25.a4 f6 26.Kf2 Rae8 27.Nf4 Nxf4 28.gxf4 Bf7 29.Rxe7 Kxe7
30.Rh1 h6 31.c3 dxc3 32.bxc3 Kd6 33.g4 Re7 34.Rc1 Be8 35.Bd1 b5 36.Ra1 Ra7
37.Ke3 bxa4 38.Kd4 a3 39.Rxa3 a4 40.c4 Ra5 41.f5 dxc4 42.dxc4 h5 43.Ra2 h4
44.Rh2 Bc6 45.f4 Ke7 46.g5 a3 47.Bb3 h3 48.Rxh3 a2 49.Re3+ Kf8 50.Bxa2 fxg5
51.Bb1 gxf4 52.Rb3 f3 53.Be4 Bxe4  1/2-1/2

[Event "FSGM February"]
[Site "Budapest HUN"]
[Date "2002.02.03"]
[Round "2"]
[White "Sedlak,N"]
[Black "Kosanovic,G"]
[Result "1/2-1/2"]
[WhiteElo "2442"]
[BlackElo "2428"]

1.e4 c5 2.Nc3 Nc6 3.Bb5 Nd4 4.Bc4 g6 5.Nf3 d6 6.Nxd4 cxd4 7.Ne2 Bg7 8.d3 e6
9.O-O Ne7 10.f4 O-O 11.Bb3 Bd7 12.Bd2 a5 13.a4 Kh8 14.Qe1 f5 15.Ng3 Nc6 16.exf5 exf5
17.Qf2 Re8 18.Rfe1 Qf6 19.Rxe8+ Bxe8 20.Qf3 Bf7 21.Bxf7 Qxf7 22.b3 Re8 23.Re1 Rxe1+
24.Bxe1 Qe6 25.Kf2 Bf6 26.Nf1 Kg7 27.Qe2 Qxe2+ 28.Kxe2 Kf7 29.Nd2 d5 30.Nf3 h6
31.Bd2 b6 32.h3 h5 33.Be1 Be7 34.Bf2 Bc5 35.Kd1 Ke6 36.Ng5+ Kd7 37.Bh4 Bd6
38.g3 Ke8 39.Nf3 Kf7 40.Ng5+ Ke8 41.Nh7 Kf7 42.Nf6 Ke6 43.Ne8 Kd7 44.Nxd6 Kxd6
45.Bf6 Ke6 46.Bh8 Kf7 47.Ke2 Kg8 48.Bf6 Kf7  1/2-1/2

[Event "Mimoza Open"]
[Site "Herceg Novi YUG"]
[Date "2002.02.05"]
[Round "2"]
[White "Todorovic,GM"]
[Black "Radovanovic,D"]
[Result "1-0"]
[WhiteElo "2488"]
[BlackElo "2346"]

1.e4 c5 2.Nc3 Nc6 3.Nge2 Nf6 4.g3 e5 5.Bg2 Be7 6.d3 d6 7.O-O b6 8.f4 Bb7
9.Nd5 Nxd5 10.exd5 Nd4 11.fxe5 dxe5 12.Nxd4 cxd4 13.Qh5 Bf6 14.Bg5 Rc8 15.Rae1 Qd6
16.Rf2 Rc7 17.Bxf6 gxf6 18.Qh4  1-0